000 00840nam a2200265Ia 4500
003 OSt
005 20221005105643.0
006 a|||||r|||| 00| 0
007 ta
008 221004b |||||||| |||| 00| 0 hin d
020 _a8170551269 (hbk)
_cIndian Rupees 140
024 _a27900
037 _bGift, 05/10/2016,
_cTextual
040 _aCRL
_cCRL
_bhin
041 _2hin
_ahin
082 _aO152,1:gN5, M7;P2
100 _aदेवराज
245 0 _aनयी कविता
246 _aNayī kavitā
260 _aनई दिल्ली
_bवाणी प्रकाशन भारत
_c2002
300 _a111पृ0
_ccm.
650 _aहिन्दी साहित्य
942 _hO152,1:gN5, M7;P2
_cTEXL
_2cc
999 _c1016469
_d1016469